A luxus szálláshelyek piaci trendjeinek és a hazai fogyasztói attitűdjeinek vizsgálata
| Main Author: | |
|---|---|
| Other Authors: | |
| Format: | Thesis |
| Kulcsszavak: | kereslet-kínálat luxus magánszálláshelyi adatok szálláshelyek szállodaipar |
| Online Access: | http://dolgozattar.uni-bge.hu/59432 |
MARC
| LEADER | 00000nta a2200000 i 4500 | ||
|---|---|---|---|
| 001 | dolg59432 | ||
| 005 | 20260409145037.0 | ||
| 008 | 260409suuuu hu om 000 hun d | ||
| 040 | |a BGE Dolgozattár Repozitórium |b hun | ||
| 041 | |a hu | ||
| 100 | 1 | |a Regdon Laura Angéla | |
| 245 | 1 | 2 | |a A luxus szálláshelyek piaci trendjeinek és a hazai fogyasztói attitűdjeinek vizsgálata |c Regdon Laura Angéla |h [elektronikus dokumentum] |
| 520 | 3 | |a A szakdolgozat a luxusszállások piacának jelenlegi trendjeit és a hazai fogyasztói attitűdöket vizsgálja, különös tekintettel a kereslet és kínálat alakulására. A dolgozat azt kívánja bemutatni, hogyan változott a luxus jelentése a turizmusban, és hogyan határozzák meg az élményalapú szolgáltatások az ágazat jövőjét. A kutatás kiterjed a szálláshely-minősítési rendszerekre, a globális és hazai kínálat fejlődési tendenciáira, valamint a fogyasztói döntéseket befolyásoló pszichológiai tényezőkre. A primer kutatás részben kérdőív és interjú segítségével feltérképezi a különböző csoportok szállásfoglalási szokásait, fizetési hajlandóságát és a luxus turizmushoz társított elvárásait. A Villa Chez Les Amis luxus magánszálláshely és a budapesti Kimpton BEM 5 csillagos szálloda példáján keresztül a dolgozat bemutatja, hogyan valósul meg a luxus különböző formákban a gyakorlatban. A kutatás célja, hogy hozzájáruljon a hazai turisztikai luxus és prémium szektor mélyebb megértéséhez. | |
| 695 | |a kereslet-kínálat | ||
| 695 | |a luxus | ||
| 695 | |a magánszálláshelyi adatok | ||
| 695 | |a szálláshelyek | ||
| 695 | |a szállodaipar | ||
| 700 | 1 | |a Juhász-Dóra Katalin |e ths | |
| 856 | 4 | 0 | |u http://dolgozattar.uni-bge.hu/59432/1/A%20luxus%20sz%C3%A1ll%C3%A1shelyek%20piaci%20trendjeinek%20%C3%A9s%20a%20hazai%20fogyaszt%C3%B3i%20attit%C5%B1djeinek%20vizsg%C3%A1lata.pdf |z Dokumentum-elérés |
| 856 | 4 | 0 | |u http://dolgozattar.uni-bge.hu/59432/2/JDK_Regdon%20Laura_szakdolgozat%20b%C3%ADr%C3%A1lat.pdf |z Dokumentum-elérés |
| 856 | 4 | 0 | |u http://dolgozattar.uni-bge.hu/59432/3/Regdon.pdf |z Dokumentum-elérés |